000 01139nam a2200265 i 4500
001 59349
003 ES-MaACL
005 20240428063031.0
007 t|
008 031028s1907 sp |||| | spa d
040 _cES-MaACL
080 _a821.134.2-251"14/15"
100 1 _aEncina, Juan del,
_d1469-1529
_947173
_eaut
245 1 0 _aÉgloga trovada /
_cpor Juan del Encina a la Natividad de Jesucristo ; arreglada por Julio Puyol y Alonso ; se representó en el Ateneo de Madrid el día 28 de diciembre de 1906.
260 _aMadrid :
_b[s.n.],
_c1907
_f(Imp. de la Suc. de M. Minuesa de los Ríos)
300 _a31 páginas ;
_c20 cm.
530 _aDisponible en formato digital
610 2 4 _aAteneo de Madrid-
_vVeladas literarias.
_91935
700 1 _aPuyol y Alonso, Julio,
_d1865-1937
_994454
_earr
852 4 _aES-MaACL
_cDEPOF
_gDedicatoria autógrafa de Julio Puyol y Alonso
_jT-1114-F-2
856 4 _uhttps://archive.org/details/glogatrovadapor00puyogoog/page/n7/mode/2up
_yVersión en línea
_z(Internet Archive)
942 _cFOLLETOS
_n0
999 _c59349
_d59349